DR SEUSS BOOKS - Statistics

General Stats
  • This quiz has been taken 8 times
  • The average score is 9 of 12
Answers on the Grid
Answers color-coded by a green-red scale on the quiz's grid according to % correct below.
Green Eggs and Ham
The Cat In The Hat
Goodnight Moon
The Rainbow Fish
Horton Hears A Who!
The Tiger Who Came To Tea
There's a Wocket in my Pocket
Sleep Book
The Foot Book
Chicka Chicka Boom Boom
Fox in Socks
The Lorax
Book of Colors
Book of Foods
Wacky Wednesday
The Very Hungry Caterpillar
Hop On Pop
123
 
Answer Stats
Answer % Correct
Green Eggs and Ham
100%
Horton Hears A Who!
100%
The Cat In The Hat
100%
The Lorax
100%
Fox in Socks
88%
There's a Wocket in my Pocket
88%
Hop On Pop
75%
123
63%
Book of Colors
63%
The Foot Book
63%
Sleep Book
50%
Wacky Wednesday
50%
No matching quizzes found
Score Distribution
Percent of People with Each Score
Percentile by Number Answered
Your Score History
You have not taken this quiz